Data Envelopment Analysis of Selected Specialized Health Centres and Possibilities of Its Application in the Terms of Slovak Republic Health Care System

Vedecký prístup v manažmente zdravotníckych centier nemá na Slovensku dlhú históriu. Možnosti a pripravenosť konkrétnych modelov analýzy obaľovania dát (data envelopment analysis, DEA) v podmienkach špecializovaných inštitúcií na Slovensku.

Salvato in:
Dettagli Bibliografici
Autore principale: Lacko, Roman, 1988-
Altri autori: Hajduová, Zuzana, 1974-, Gábor, Vladimír
Natura: Capitolo di libro
Lingua:inglese
Soggetti:
Tags: Aggiungi Tag
Nessun Tag, puoi essere il primo ad aggiungerne!!

MARC

LEADER 00000naa a2200000 4500
001 0231316
005 20240502083620.8
041 0 |a eng 
044 |a IN 
245 1 0 |a Data Envelopment Analysis of Selected Specialized Health Centres and Possibilities of Its Application in the Terms of Slovak Republic Health Care System  |c Roman Lacko, Zuzana Hajduová, Vladimír Gábor 
520 |a Vedecký prístup v manažmente zdravotníckych centier nemá na Slovensku dlhú históriu. Možnosti a pripravenosť konkrétnych modelov analýzy obaľovania dát (data envelopment analysis, DEA) v podmienkach špecializovaných inštitúcií na Slovensku. 
610 2 0 |a analýza obaľovania dát 
610 2 0 |a starostlivosť zdravotná 
610 2 0 |a zdravotníctvo 
610 2 0 |a modely 
610 2 0 |a modelovanie 
610 2 0 |a Slovensko 
100 1 |a Lacko, Roman, 1988- 
700 1 |a Hajduová, Zuzana, 1974- 
700 1 |a Gábor, Vladimír